Bilecik Bilecik Bilecik Bilecik Bilecik

Mamluk historiography revisited : (Record no. 65248)

MARC details
000 -BAŞLIK
Sabit Uzunluktaki Kontrol Alanı 01145nam a22003257a 4500
001 - KONTROL NUMARASI
Control Dosyası 0064997
003 - KONTROL NUMARASI KİMLİĞİ
Kontrol Alanı KOHA_MİRAKIL
005 - EN SON İŞLEM TARİHİ ve ZAMANI
Kontrol Alanı 20260207004537.0
007 - FİZİKSEL TANIM SABİT ALAN - GENEL BİLGİ
Sabit uzunluklu kontrol alanı ta
008 - SABİT UZUNLUKTAKİ VERİ ÖGELERİ - GENEL BİLGİ
Sabit Alan 191118b2018 gea|||gr||||#||||0|eng |
020 ## - ISBN - ULUSLARARASI STANDART KİTAP NUMARASI
Isbn 9783847107224
040 ## - KATALOGLAMA KAYNAĞI
Özgün Kataloglama Kurumu TR-BiSEU
Kataloglama Dili tur
Çeviri Kurumu TR-BiSEU
Açıklama Kuralları rda
041 0# - DİL KODU
Metin ya da ses kaydının dil kodu eng
044 ## - YAYINLAYAN/ÜRETEN KURULUŞUN ÜLKE KODU
ISO country code ge
050 ## - SINIFLAMA ve YER NUMARASI
Sınıflama Numarası DT96
Yer Numarası .M36 2018
245 0# - ESER ADI BİLDİRİMİ
Başlık Mamluk historiography revisited :
Alt Eseradı vb. narratological perspectives/
Sorumluluk Bildirimi editor Stephan Conermann.
264 #1 - ÜRERİM, YAYIN, DAĞITIM ve TELİF BİLDİRİMİ
Yayın yeri Germany :
Yayınlayan V&R Unipress Bonn University Press
Yayın tarihi 2018
300 ## - FİZİKSEL TANIMLAMA
Sayfa, Cilt vb. 239 pages :
Diğer fiziki detaylar illustrations ;
Boyutları 24 cm.
336 ## - İÇERİK TÜRÜ
Content type term metin
Content type code txt
Source rdacontent
337 ## - MEDYA TÜRÜ
Media type term aracısız
Media type code n
Source rdamedia
338 ## - TAŞIYICI TÜRÜ
Carrier type term cilt
Carrier type code nc
Source rdacarrier
490 1# - DİZİ BİLDİRİMİ
Dizi Bildirimi V&R Unipress Bonn University Press Mamluk Studies Volume ;
Cilt Numarası 15
500 ## - GENEL NOT
Genel Not Includes bibliographical references.
650 #0 - KONU BAŞLIĞI EK GİRİŞ - KONU TERİMİ
Konusal terim veya coğrafi ad Memlükler.
9 (RLIN) 111293
650 #0 - KONU BAŞLIĞI EK GİRİŞ - KONU TERİMİ
Konusal terim veya coğrafi ad Mamelukes.
9 (RLIN) 99320
650 #0 - KONU BAŞLIĞI EK GİRİŞ - KONU TERİMİ
Konusal terim veya coğrafi ad Mısır--Tarih--1250-1517--Tarih çalışmaları.
9 (RLIN) 121288
650 #0 - KONU BAŞLIĞI EK GİRİŞ - KONU TERİMİ
Konusal terim veya coğrafi ad Egypt--History--1250-1517--Historiography.
9 (RLIN) 121289
830 1# - SERİ EK GİRİŞİ - TEKBİÇİM ESER ADI
Tekbiçim Başlık V&R Unipress Bonn University Press Mamluk Studies Volume ;
Volume number/sequential designation 15
9 (RLIN) 121290
942 ## - EK GİRİŞ ÖGELERİ (KOHA)
Source of classification or shelving scheme Library of Congress Classification
Koha item type Book
Holdings
Materyal Türü Kalıcı Konum Mevcut Konum Raf Yeri Sınıflandırma Kaynağı Edinim Bilgisi Ana Konular Alt Konular Yer Numarası Demirbaş Numarası Fatura Tarihi Geri Çekilme Durumu Kayıp Durumu Hasarlı Durumu Kredi için değil Kayıt Tarih Toplam Ödünçverme Son Görülme Tarihi Son Kontrol Tarihi
Book Prof. Dr. Azmi Özcan Kütüphanesi Prof. Dr. Azmi Özcan Kütüphanesi Uluğbey Salonu Library of Congress Classification Satın DÜNYA TARİHİ (AVRUPA, ASYA, AFRİKA VB.) Afrika DT96 .M36 2018 0064997 02/02/2026         18/11/2019   05/03/2025 05/03/2025